<?xml version="1.0" encoding="UTF-8"?>
<record
    xmlns:xsi="http://www.w3.org/2001/XMLSchema-instance"
    xsi:schemaLocation="http://www.loc.gov/MARC21/slim http://www.loc.gov/standards/marcxml/schema/MARC21slim.xsd"
    xmlns="http://www.loc.gov/MARC21/slim">

  <leader>00803nam a22002057a 4500</leader>
  <controlfield tag="003">OSt</controlfield>
  <controlfield tag="005">20150408114054.0</controlfield>
  <controlfield tag="008">120729s        ua ||||f |||| 00| 0 eng d</controlfield>
  <datafield tag="020" ind1=" " ind2=" ">
    <subfield code="a">9789773164010</subfield>
  </datafield>
  <datafield tag="040" ind1=" " ind2=" ">
    <subfield code="a">MU</subfield>
  </datafield>
  <datafield tag="082" ind1=" " ind2=" ">
    <subfield code="2">21</subfield>
    <subfield code="a">330.1</subfield>
    <subfield code="b">&#x632; &#x641; &#x627;</subfield>
  </datafield>
  <datafield tag="100" ind1=" " ind2=" ">
    <subfield code="a">&#x627;&#x644;&#x632;&#x64A;&#x627;&#x62A;&#x60C; &#x641;&#x62A;&#x62D;&#x64A;</subfield>
    <subfield code="9">16698</subfield>
  </datafield>
  <datafield tag="245" ind1=" " ind2=" ">
    <subfield code="a">&#x627;&#x642;&#x62A;&#x635;&#x627;&#x62F; &#x627;&#x644;&#x645;&#x639;&#x631;&#x641;&#x629; :</subfield>
    <subfield code="b">&#x646;&#x62D;&#x648; &#x645;&#x646;&#x638;&#x648;&#x631; &#x623;&#x634;&#x645;&#x644; &#x644;&#x644;&#x623;&#x635;&#x648;&#x644; &#x627;&#x644;&#x645;&#x639;&#x631;&#x641;&#x64A;&#x629; : &#x627;&#x644;&#x62D;&#x631;&#x64A;&#x629; &#x648;&#x627;&#x644;&#x62F;&#x64A;&#x645;&#x648;&#x642;&#x631;&#x627;&#x637;&#x64A;&#x629; &#x648;&#x627;&#x644;&#x639;&#x62F;&#x627;&#x644;&#x629; &#x627;&#x644;&#x627;&#x62C;&#x62A;&#x645;&#x627;&#x639;&#x64A;&#x629; &#x623;&#x635;&#x648;&#x644;&#x627; &#x645;&#x639;&#x631;&#x641;&#x64A;&#x629; /</subfield>
    <subfield code="c">&#x641;&#x62A;&#x62D;&#x64A; &#x627;&#x644;&#x632;&#x64A;&#x627;&#x62A;.</subfield>
  </datafield>
  <datafield tag="250" ind1=" " ind2=" ">
    <subfield code="a">&#x637;. 1.</subfield>
  </datafield>
  <datafield tag="260" ind1=" " ind2=" ">
    <subfield code="a">&#x627;&#x644;&#x642;&#x627;&#x647;&#x631;&#x629; :</subfield>
    <subfield code="b">&#x62F;&#x627;&#x631; &#x627;&#x644;&#x646;&#x634;&#x631; &#x644;&#x644;&#x62C;&#x627;&#x645;&#x639;&#x627;&#x62A;&#x60C;</subfield>
    <subfield code="c">2011</subfield>
  </datafield>
  <datafield tag="300" ind1=" " ind2=" ">
    <subfield code="a">732 &#x635;. :</subfield>
    <subfield code="b">&#x62C;&#x62F;&#x627;&#x648;&#x644; &#x61B;</subfield>
    <subfield code="c">24 &#x633;&#x645;.</subfield>
  </datafield>
  <datafield tag="504" ind1=" " ind2=" ">
    <subfield code="a">&#x628;&#x628;&#x644;&#x64A;&#x648;&#x62C;&#x631;&#x627;&#x641;&#x64A;&#x629; : &#x635;. 709-731.</subfield>
  </datafield>
  <datafield tag="650" ind1=" " ind2=" ">
    <subfield code="a">&#x627;&#x644;&#x627;&#x642;&#x62A;&#x635;&#x627;&#x62F;</subfield>
    <subfield code="x">&#x641;&#x644;&#x633;&#x641;&#x629;.</subfield>
    <subfield code="9">16699</subfield>
  </datafield>
  <datafield tag="942" ind1=" " ind2=" ">
    <subfield code="2">ddc</subfield>
    <subfield code="c">DVD</subfield>
  </datafield>
  <datafield tag="999" ind1=" " ind2=" ">
    <subfield code="c">25293</subfield>
    <subfield code="d">259793</subfield>
  </datafield>
  <datafield tag="952" ind1=" " ind2=" ">
    <subfield code="1">0</subfield>
    <subfield code="2">2013-03-10</subfield>
    <subfield code="4">0</subfield>
    <subfield code="7">0</subfield>
    <subfield code="a">330.1 &#x632; &#x641; &#x627;</subfield>
    <subfield code="c">&#x646;. 1</subfield>
    <subfield code="d">2012-07-29</subfield>
    <subfield code="h">CL</subfield>
    <subfield code="i">00109267</subfield>
    <subfield code="m">CL</subfield>
    <subfield code="r">2013-03-10 00:00:00</subfield>
    <subfield code="t">BOOK</subfield>
    <subfield code="w">ddc</subfield>
    <subfield code="y">0</subfield>
  </datafield>
  <datafield tag="952" ind1=" " ind2=" ">
    <subfield code="1">0</subfield>
    <subfield code="2">2013-03-10</subfield>
    <subfield code="4">0</subfield>
    <subfield code="7">0</subfield>
    <subfield code="a">330.1 &#x632; &#x641; &#x627;</subfield>
    <subfield code="c">&#x646;. 2</subfield>
    <subfield code="d">2012-07-29</subfield>
    <subfield code="h">CL</subfield>
    <subfield code="i">00109259</subfield>
    <subfield code="m">CL</subfield>
    <subfield code="r">2013-03-10 00:00:00</subfield>
    <subfield code="t">BOOK</subfield>
    <subfield code="w">ddc</subfield>
    <subfield code="y">0</subfield>
  </datafield>
  <datafield tag="952" ind1=" " ind2=" ">
    <subfield code="1">0</subfield>
    <subfield code="2">2013-03-10</subfield>
    <subfield code="4">0</subfield>
    <subfield code="7">0</subfield>
    <subfield code="a">330.1 &#x632; &#x641; &#x627;</subfield>
    <subfield code="c">&#x646;. 3</subfield>
    <subfield code="d">2012-07-29</subfield>
    <subfield code="h">CL</subfield>
    <subfield code="i">00109260</subfield>
    <subfield code="m">CL</subfield>
    <subfield code="q">2022-11-28</subfield>
    <subfield code="r">2023-01-03 00:00:00</subfield>
    <subfield code="t">BOOK</subfield>
    <subfield code="w">ddc</subfield>
    <subfield code="y">1</subfield>
  </datafield>
  <datafield tag="952" ind1=" " ind2=" ">
    <subfield code="1">0</subfield>
    <subfield code="2">2013-03-10</subfield>
    <subfield code="4">0</subfield>
    <subfield code="7">0</subfield>
    <subfield code="a">330.1 &#x632; &#x641; &#x627;</subfield>
    <subfield code="c">&#x646;. 1</subfield>
    <subfield code="d">2012-07-29</subfield>
    <subfield code="h">IC</subfield>
    <subfield code="i">00109261</subfield>
    <subfield code="m">IC</subfield>
    <subfield code="r">2013-03-10 00:00:00</subfield>
    <subfield code="t">BOOK</subfield>
    <subfield code="w">ddc</subfield>
    <subfield code="y">0</subfield>
  </datafield>
  <datafield tag="952" ind1=" " ind2=" ">
    <subfield code="1">0</subfield>
    <subfield code="2">2013-03-10</subfield>
    <subfield code="4">0</subfield>
    <subfield code="7">0</subfield>
    <subfield code="a">330.1 &#x632; &#x641; &#x627;</subfield>
    <subfield code="c">&#x646;. 2</subfield>
    <subfield code="d">2012-07-29</subfield>
    <subfield code="h">IC</subfield>
    <subfield code="i">00109262</subfield>
    <subfield code="m">IC</subfield>
    <subfield code="r">2013-03-10 00:00:00</subfield>
    <subfield code="t">BOOK</subfield>
    <subfield code="w">ddc</subfield>
    <subfield code="y">0</subfield>
  </datafield>
  <datafield tag="952" ind1=" " ind2=" ">
    <subfield code="1">0</subfield>
    <subfield code="2">2013-03-10</subfield>
    <subfield code="4">0</subfield>
    <subfield code="7">0</subfield>
    <subfield code="a">330.1 &#x632; &#x641; &#x627;</subfield>
    <subfield code="c">&#x646;. 1</subfield>
    <subfield code="d">2012-07-29</subfield>
    <subfield code="h">SRF</subfield>
    <subfield code="i">00109263</subfield>
    <subfield code="m">SRF</subfield>
    <subfield code="r">2013-03-10 00:00:00</subfield>
    <subfield code="t">BOOK</subfield>
    <subfield code="w">ddc</subfield>
    <subfield code="y">0</subfield>
  </datafield>
  <datafield tag="952" ind1=" " ind2=" ">
    <subfield code="1">0</subfield>
    <subfield code="2">2013-03-10</subfield>
    <subfield code="4">0</subfield>
    <subfield code="7">0</subfield>
    <subfield code="a">330.1 &#x632; &#x641; &#x627;</subfield>
    <subfield code="c">&#x646;. 2</subfield>
    <subfield code="d">2012-07-29</subfield>
    <subfield code="h">SRF</subfield>
    <subfield code="i">00109264</subfield>
    <subfield code="m">SRF</subfield>
    <subfield code="r">2013-03-10 00:00:00</subfield>
    <subfield code="t">BOOK</subfield>
    <subfield code="w">ddc</subfield>
    <subfield code="y">0</subfield>
  </datafield>
  <datafield tag="952" ind1=" " ind2=" ">
    <subfield code="1">0</subfield>
    <subfield code="2">2013-03-10</subfield>
    <subfield code="4">0</subfield>
    <subfield code="7">0</subfield>
    <subfield code="a">330.1 &#x632; &#x641; &#x627;</subfield>
    <subfield code="c">&#x646;. 1</subfield>
    <subfield code="d">2012-07-29</subfield>
    <subfield code="h">SRM</subfield>
    <subfield code="i">00109265</subfield>
    <subfield code="m">SRM</subfield>
    <subfield code="r">2013-03-10 00:00:00</subfield>
    <subfield code="t">BOOK</subfield>
    <subfield code="w">ddc</subfield>
    <subfield code="y">0</subfield>
  </datafield>
  <datafield tag="952" ind1=" " ind2=" ">
    <subfield code="1">0</subfield>
    <subfield code="2">2013-03-10</subfield>
    <subfield code="4">0</subfield>
    <subfield code="7">0</subfield>
    <subfield code="a">330.1 &#x632; &#x641; &#x627;</subfield>
    <subfield code="c">&#x646;. 2</subfield>
    <subfield code="d">2012-07-29</subfield>
    <subfield code="h">SRM</subfield>
    <subfield code="i">00109266</subfield>
    <subfield code="m">SRM</subfield>
    <subfield code="r">2013-03-10 00:00:00</subfield>
    <subfield code="t">BOOK</subfield>
    <subfield code="w">ddc</subfield>
    <subfield code="y">0</subfield>
  </datafield>
</record>
